| 000 | 00495nam a2200169Ia 4500 | ||
|---|---|---|---|
| 999 |
_c27219 _d27219 |
||
| 003 | OSt | ||
| 005 | 20201204121132.0 | ||
| 008 | 190216s9999||||xx |||||||||||||| ||und|| | ||
| 040 | _coclc | ||
| 082 |
_a894.8123 _bSET/E |
||
| 100 |
_aSethumadhavan, Mundoor _97209 |
||
| 245 | 0 |
_aEe Janmam / _cMundoor Sethumadhavan |
|
| 260 |
_bPoorna Publications, _c1995. _aKozhikode: |
||
| 300 | _a81p | ||
| 650 | _aMalayalam Novel | ||
| 942 |
_cBK _2ddc _h894.8123 _iSET/E _k894.8123 _mSET/E |
||